| 000 | 01374nam a2200325 c 4500 | ||
|---|---|---|---|
| 003 | BLK | ||
| 005 | 20250423144247.0 | ||
| 008 | 180412b bul|||||r ||||||| ||bul|| | ||
| 010 | _aKNG00009291000 | ||
| 020 |
_a954-638-021-0 _bиздат.: Софи-Р |
||
| 040 | _aBLK | ||
| 041 |
_aBUL _cBUL |
||
| 080 |
_aСобственост. Приватизация и реституция (правни проблеми) -Придобиване, прехвърляне, загуба на собственост, съсобственост, ограничаване на правото на собственост и др. _b347.23 _x(497.2) _z347.23(497.2) |
||
| 100 | 1 |
_aТасев, Христо _eпърви автор _9253076 |
|
| 139 |
_aТасев, Христо _bТ 36 |
||
| 245 | 1 | 0 |
_aВъпроси на съдебната делба _cХристо Тасев. |
| 250 | _a2. изд. | ||
| 257 | _aBGR | ||
| 260 |
_аСофия _bСофи-Р _c1995 |
||
| 300 |
_a176 с. _c20 см |
||
| 380 | _a3 | ||
| 500 | _aДеп. списък: 42 1. изд. 1979 на изд. Наука и изкуство ; 2 500 тир. | ||
| 650 | 4 |
_aСъдебна делба - България _9253077 |
|
| 852 | _aЦб 184042 | ||
| 856 | 4 |
_qpdf _u |
|
| 856 | 4 |
_qpdf _u |
|
| 942 |
_cKNG _n0 _01 |
||
| 944 |
_aCR _c15.01.2003 _k30535 _lХристина Везирева |
||
| 944 |
_aED _c30.09.2005 _k |
||
| 999 |
_c7957 _d7957 |
||